| 000 | 00808cad a22002175a 4500 | ||
|---|---|---|---|
| 001 | L153634 | ||
| 008 | 110811s2011 xxk f 000 0 eng d | ||
| 020 | _a9781409830740 | ||
| 035 | _a(Sirsi) u153634 | ||
| 041 | 0 | _aeng | |
| 110 | 2 |
_aUnited Kingdom _bDepartment for Communities and Local Government _94939 |
|
| 245 | 0 | 0 |
_aRedemption of Rentcharges _bRentcharges Act 1977 _h[electronic resource] |
| 260 |
_aLondon _bDCLG _c2011 |
||
| 520 | _aOutlines procedure for redemption of rentcharges under the Rentcharges Act 1977. | ||
| 590 | _aKA | ||
| 650 | 2 | 4 | _aRENTCHARGES ACT 1977 |
| 651 | 4 | _aENGLAND AND WALES | |
| 690 | _aPROPERTY-RESIDENTIAL PROPERTY | ||
| 856 | 4 | 0 |
_uhttps://www.communities.gov.uk/documents/housing/pdf/1962809.pdf _zView the item free of charge at www.communities.gov.uk |
| 942 | _n0 | ||
| 999 |
_c112620 _d112620 |
||